|
|
|
|
| LEADER |
01073nam a2200265 a 4500 |
| 001 |
547800 |
| 008 |
060909s1988 nyu b 001 0 eng d |
| 010 |
|
|
|a 88012828
|
| 020 |
|
|
|a 0889461384
|
| 040 |
|
|
|a DLC
|c DLC
|d DLC
|
| 082 |
0 |
0 |
|a 362.1/042/0967
|2 19
|
| 100 |
1 |
|
|a Good, Charles M.
|
| 245 |
1 |
4 |
|a The community in African primary health care :
|b strengthening participation and a proposed strategy /
|c Charles M. Good.
|
| 260 |
|
|
|a Lewiston, N.Y., USA :
|b E. Mellen Press,
|c c1988.
|
| 300 |
|
|
|a 136 p. ;
|c 24 cm.
|
| 490 |
|
0 |
|a Studies in African health and medicine ;
|v v. 2
|
| 504 |
|
|
|a Bibliography: p. [117]-126.
|
| 500 |
|
|
|a Includes index.
|
| 541 |
1 |
|
|e 00004178
|
| 650 |
|
0 |
|a Community health services
|z Africa, Sub-Saharan.
|
| 650 |
|
0 |
|a Community health aides
|z Africa, Sub-Saharan.
|
| 650 |
|
0 |
|a Healers
|z Africa, Sub-Saharan.
|
| 852 |
4 |
|
|a Ayesha Abed Library
|j General Shelf.
|
| 999 |
|
|
|c 3809
|d 3809
|
| 952 |
|
|
|0 0
|1 0
|2 ddc
|4 0
|6 362_104209670000000_GOO_1988
|7 0
|9 3461
|a BRACUL
|b BRACUL
|c GEN
|d 2009-09-06
|g 4480.00
|l 0
|o 362.10420967 GOO
|p 3010004178
|r 2009-09-06
|t 1
|w 2009-09-06
|y BK
|